000 01361nam a2200325 c 4500
003 BLK
005 20231127113645.0
008 180409b bul|||||r ||||||| ||bul||
010 _aKNG00140834000
020 _a978-954-09-0531-0
_bиздат.: Захарий Стоянов
040 _aBLK
041 _aBUL
_cBUL
072 7 _2bullib
_aН85
_xДетска художествена литература Н
080 _aБългарска литература
_b821.163.2
_x-93-1
_z821.163.2-93-1
100 1 _aСтефанова, Лиляна Димитрова
_eпърви автор
_9255914
700 1 _aСтоев, Борислав Владимиров
_eил.
_9365108
139 _aСтефанова, Лиляна Димитрова
_bС 75
245 1 0 _aВече карам колело
_bСтихове за моите малки приятели
_cЛиляна Димитрова Стефанова; ил. Борислав Владимиров Стоев.
257 _aBGR
260 София
_bЗахарий Стоянов
_c2011
_fЯмбол : Светлина
300 _a96 с.
_bс цв. ил.
_c24 см
380 _aDX
659 _aН
852 _aЦб 258775
856 4 _qpdf
_u
856 4 _qpdf
_u
942 _cKNG
_n0
_03
944 _aCR
_c15.03.2013
_k30532
_lМира Стойчева
944 _aED
_c01.08.2013
_k
999 _c134914
_d134914